Allgemeinwissen A-Z - Buchstabenring - Statistiken

Allgemein
  • Dieses Quiz wurde 16.861 mal gespielt
  • Das Durchschnittsergebnis liegt bei 14 aus 26
Antworten auf der Karte
Die Antworten werden auf der Karte rot bzw. grün angezeigt, abhängig davon wie oft sie richtig erraten wurden.
 
Antwortstatistiken
Antwort % Korrekt
Christentum
97%
Bonaparte
88%
Merkur
79%
Rudolf
79%
Gutenberg, Johannes
73%
Omega
73%
Queen
73%
Friends
72%
Zeus
71%
Portugiesisch
70%
Yen
69%
Nizza
63%
Titanic
60%
Schwimmen
59%
Link
53%
Xenon
52%
Antananarivo
49%
Homer
47%
Umami
44%
Jefferson, Thomas
35%
Waikiki
28%
Irische See
27%
Ebenezer Scrooge
24%
Denali
23%
Victoria
17%
König Lear
12%
Keine übereinstimmenden Quizze gefunden
Verteilung der Resultate
Anzahl Personen mit jedem Resultat
Perzentil nach korrekt beantworteten Fragen
Ihre Resultats-Entwicklung
Sie haben dieses Quiz noch nicht gespielt